<?xml version="1.0" encoding="UTF-8"?><marc:collection xmlns:marc="http://www.loc.gov/MARC21/slim">
  <marc:record>
    <marc:leader>00000nam  2200000zi 4500</marc:leader>
    <marc:controlfield tag="001">9.896764</marc:controlfield>
    <marc:controlfield tag="003">CaOODSP</marc:controlfield>
    <marc:controlfield tag="005">20250611103855</marc:controlfield>
    <marc:controlfield tag="006">m     o  d f      </marc:controlfield>
    <marc:controlfield tag="007">cr cn|||||||||</marc:controlfield>
    <marc:controlfield tag="008">210219t20212021onc     o    f000 0 fre d</marc:controlfield>
    <marc:datafield tag="020" ind1=" " ind2=" ">
      <marc:subfield code="a">9780660375670</marc:subfield>
    </marc:datafield>
    <marc:datafield tag="040" ind1=" " ind2=" ">
      <marc:subfield code="a">CaOODSP</marc:subfield>
      <marc:subfield code="b">fre</marc:subfield>
      <marc:subfield code="e">rda</marc:subfield>
      <marc:subfield code="c">CaOODSP</marc:subfield>
    </marc:datafield>
    <marc:datafield tag="043" ind1=" " ind2=" ">
      <marc:subfield code="a">n-cn---</marc:subfield>
    </marc:datafield>
    <marc:datafield tag="086" ind1="1" ind2=" ">
      <marc:subfield code="a">A118-10/19-2020F-PDF</marc:subfield>
    </marc:datafield>
    <marc:datafield tag="245" ind1="0" ind2="0">
      <marc:subfield code="a">Profil de la culture de la laitue de serre au Canada, 2020 / </marc:subfield>
      <marc:subfield code="c">préparé par : Programme de la lutte antiparasitaire, Agriculture et agroalimentaire Canada.</marc:subfield>
    </marc:datafield>
    <marc:datafield tag="250" ind1=" " ind2=" ">
      <marc:subfield code="a">Cinquième édition - 2021.</marc:subfield>
    </marc:datafield>
    <marc:datafield tag="264" ind1=" " ind2="1">
      <marc:subfield code="a">[Ottawa] : </marc:subfield>
      <marc:subfield code="b">Agriculture et agroalimentaire Canada = Agriculture and Agri-Food Canada, </marc:subfield>
      <marc:subfield code="c">2021.</marc:subfield>
    </marc:datafield>
    <marc:datafield tag="264" ind1=" " ind2="4">
      <marc:subfield code="c">©2021</marc:subfield>
    </marc:datafield>
    <marc:datafield tag="300" ind1=" " ind2=" ">
      <marc:subfield code="a">1 ressource en ligne (38 pages)</marc:subfield>
    </marc:datafield>
    <marc:datafield tag="336" ind1=" " ind2=" ">
      <marc:subfield code="a">texte</marc:subfield>
      <marc:subfield code="b">txt</marc:subfield>
      <marc:subfield code="2">rdacontent/fre</marc:subfield>
    </marc:datafield>
    <marc:datafield tag="337" ind1=" " ind2=" ">
      <marc:subfield code="a">informatique</marc:subfield>
      <marc:subfield code="b">c</marc:subfield>
      <marc:subfield code="2">rdamedia/fre</marc:subfield>
    </marc:datafield>
    <marc:datafield tag="338" ind1=" " ind2=" ">
      <marc:subfield code="a">ressource en ligne</marc:subfield>
      <marc:subfield code="b">cr</marc:subfield>
      <marc:subfield code="2">rdacarrier/fre</marc:subfield>
    </marc:datafield>
    <marc:datafield tag="500" ind1=" " ind2=" ">
      <marc:subfield code="a">Titre de la couverture.</marc:subfield>
    </marc:datafield>
    <marc:datafield tag="500" ind1=" " ind2=" ">
      <marc:subfield code="a">Publié aussi en anglais sous le titre : Crop profile for greenhouse lettuce in Canada, 2020.</marc:subfield>
    </marc:datafield>
    <marc:datafield tag="504" ind1=" " ind2=" ">
      <marc:subfield code="a">Comprend des références bibliographiques (pages 37-38).</marc:subfield>
    </marc:datafield>
    <marc:datafield tag="520" ind1=" " ind2=" ">
      <marc:subfield code="a">« La laitue (Lactuca sativa) est une plante de la famille des Astéracées. Cultivée dès 4500 av. J.-C. dans la région méditerranéenne pour l’huile extraite des graines, la laitue a vu sa culture comme plante annuelle se répandre dans le monde entier. Aujourd’hui, on la produit presque exclusivement pour le marché du frais. On la consomme dans les salades et les sandwichs ainsi que comme garniture. On peut diviser ses variétés en deux grands groupes, soit la laitue pommée (Lactuca sativa var. capitanat) d’une part, qui comprend les laitues Iceberg, batavia américaine et beurre, et la laitue à couper (L. sativa var. longifolia et L. sativa var. crispa) d’autre part, qui comprend la romaine et les laitues frisées vertes et rouges. Seule la laitue beurre, aussi désignée laitue Boston ou laitue Bibb (L. sativa var. capitata), est cultivée en serre; les cultivars les plus répandus sont Prior et Cortina. Le principal produit de la laitue de serre est la feuille qui est produite dans la pomme, que l’on consomme surtout en salade. La laitue est considérée comme un aliment santé. Les mélanges à salade (mescluns) prélavés, prédécoupés et emballés sont en vogue » -- Page 1.</marc:subfield>
    </marc:datafield>
    <marc:datafield tag="650" ind1=" " ind2="6">
      <marc:subfield code="a">Laitue</marc:subfield>
      <marc:subfield code="x">Maladies et fléaux</marc:subfield>
      <marc:subfield code="x">Lutte contre</marc:subfield>
      <marc:subfield code="z">Canada.</marc:subfield>
    </marc:datafield>
    <marc:datafield tag="650" ind1=" " ind2="6">
      <marc:subfield code="a">Laitue</marc:subfield>
      <marc:subfield code="x">Industrie</marc:subfield>
      <marc:subfield code="z">Canada.</marc:subfield>
    </marc:datafield>
    <marc:datafield tag="650" ind1=" " ind2="6">
      <marc:subfield code="a">Plantes de serre</marc:subfield>
      <marc:subfield code="z">Canada.</marc:subfield>
    </marc:datafield>
    <marc:datafield tag="710" ind1="1" ind2=" ">
      <marc:subfield code="a">Canada. </marc:subfield>
      <marc:subfield code="b">Agriculture et agroalimentaire Canada, </marc:subfield>
      <marc:subfield code="e">organisme de publication.</marc:subfield>
    </marc:datafield>
    <marc:datafield tag="710" ind1="2" ind2=" ">
      <marc:subfield code="a">Centre de la lutte antiparasitaire (Canada), </marc:subfield>
      <marc:subfield code="e">organisme de publication.</marc:subfield>
    </marc:datafield>
    <marc:datafield tag="775" ind1="0" ind2="8">
      <marc:subfield code="t">Crop profile for greenhouse lettuce in Canada, 2020 / </marc:subfield>
      <marc:subfield code="w">(CaOODSP)9.896763</marc:subfield>
    </marc:datafield>
    <marc:datafield tag="794" ind1=" " ind2=" ">
      <marc:subfield code="t">Profil de la culture de la laitue de serre au Canada, 2023 / </marc:subfield>
      <marc:subfield code="w">(CaOODSP)9.937552</marc:subfield>
    </marc:datafield>
    <marc:datafield tag="795" ind1=" " ind2=" ">
      <marc:subfield code="t">Profil de la culture de la laitue de serre au Canada, 2017 / </marc:subfield>
      <marc:subfield code="w">(CaOODSP)9.883993</marc:subfield>
    </marc:datafield>
    <marc:datafield tag="856" ind1="4" ind2="0">
      <marc:subfield code="q">PDF</marc:subfield>
      <marc:subfield code="s">1.39 Mo</marc:subfield>
      <marc:subfield code="u">https://publications.gc.ca/collections/collection_2021/aac-aafc/A118-10-19-2020-fra.pdf</marc:subfield>
    </marc:datafield>
    <marc:datafield tag="986" ind1=" " ind2=" ">
      <marc:subfield code="a">13065F</marc:subfield>
    </marc:datafield>
  </marc:record>
</marc:collection>
